| 000 | 01718cad a22002295a 4500 | ||
|---|---|---|---|
| 001 | E148636 | ||
| 008 | 091013s2009 at f 000 0 eng d | ||
| 035 | _a(Sirsi) u148636 | ||
| 041 | 0 | _aeng | |
| 050 | 0 | 4 | _a346.410434 $2 18 |
| 110 | 2 |
_aRoyal Institution of Chartered Surveyors _bOceania _95802 |
|
| 245 | 0 | 0 |
_aGreening make good _bAustralia _h[electronic resource] |
| 260 |
_aSydney _bRICS Oceania _c2009 |
||
| 505 | 2 | _aIntroduction -- Tenants' make good obligations and landlord's rights -- Repair covenants and make good -- Who should carry out the works? -- Recognising and factoring in competing interests -- Guidance to tenants to minimise make good: assessing the premises before signing a lease; planning your fit out -- Make good, new approaches: agreement of make good at lease commencement; what is the best environmental approach for new leases? -- Greening make good advantages: landlord; tenant; issues to address -- Using a make good deed at lease end to reduce cost and waste: preparing a make good claim; make good deed; advantages of the make good deed; disadvantages of the make good deed -- Appendix 1, green make good deed -- References | |
| 520 | _aProvides guidance on reducing waste during the 'make good' process at the end of a lease through planning, agreement, sharing responsibility and ensuring that the parties carrying out the work do so in an environmentally acceptable manner. | ||
| 521 | _aAdvanced | ||
| 590 | _aKA | ||
| 651 | 4 | _aAustralia | |
| 690 | _aBUILT ENVIRONMENT-BUILDING SURVEYING-DILAPIDATIONS SURVEYING | ||
| 856 | 4 | 0 |
_uhttps://www.rics.org/site/scripts/download_info.aspx?fileID=4436&categoryID=474 _zView the item free of charge at www.rics.org... |
| 942 | _n0 | ||
| 999 |
_c110142 _d110142 |
||